| 000 | 00594nam a22001697a 4500 | ||
|---|---|---|---|
| 020 | _a81-7371-195-X | ||
| 082 |
_a900 _bSPA/H |
||
| 100 | _aSPANGENBURG, RAY | ||
| 100 | _aMOSER, DIANE K | ||
| 245 |
_aTHE HISTORY OF SCIENCE _bIN THE NINETEENTH CENTURY |
||
| 250 | _aREPRINTED | ||
| 260 |
_aHYDERABAD _bUNIVERSITIES PRESS _c2000 |
||
| 300 | _a142 | ||
| 520 | _aSHOWS THE VITALITY OF 19TH CENTURY SCIENTIC THOUGHT ABOUT ELECTRICITY AND MAGNETISM, GENETICS AND EVOLUTION, AGE OF THE EARTH, STARS AND PLANETS, NATURE OF INFECTION AND DISEASES | ||
| 650 |
_aSCIENECE REFERENCE _zINDIA |
||
| 942 | _cBK | ||
| 999 |
_c1436 _d1436 |
||